| 000 | 00634nam a2200217 a 4500 | ||
|---|---|---|---|
| 005 | 20210219152942.0 | ||
| 008 | 991125n 000 0 u | ||
| 035 | _aUPN01000068475 | ||
| 100 | _aHawkridge, David | ||
| 222 | 0 | _aEDUCATIONAL AND TRAINING TECHNOLOGY INTERNATIONAL | |
| 245 | 0 | _aComputers in third world schools : african advances | |
| 300 | _a55-70 | ||
| 362 | _a28, No. 1, 1991 | ||
| 505 | _aJulio 1991 | ||
| 653 | 0 | _aACTUALIZACION DOCENTE | |
| 653 | 0 | _aDISEÑO ASISTIDO POR ORDENADOR | |
| 653 | 0 | _aPAISES DESARROLLADOS | |
| 653 | 0 | _aPROGRAMAS DE LA COMPUTADORA | |
| 904 |
_aAC _b006286 |
||
| 905 | _aArticulo | ||
| 999 |
_c64597 _d64597 |
||